Dialogues of the Dead (Record no. 246922)
[ view plain ]
| 000 -LEADER | |
|---|---|
| fixed length control field | 02195cam a22002773a 4500 |
| 001 - CONTROL NUMBER | |
| control field | 17667 |
| 003 - CONTROL NUMBER IDENTIFIER | |
| control field | PGUSA |
| 005 - DATE AND TIME OF LATEST TRANSACTION | |
| control field | 20140828083357.0 |
| 008 - FIXED-LENGTH DATA ELEMENTS--GENERAL INFORMATION | |
| fixed length control field | 060203s2006||||xxu|||||s|||||000 | eng d |
| 040 ## - CATALOGING SOURCE | |
| Original cataloging agency | PGUSA |
| Language of cataloging | eng |
| 042 ## - AUTHENTICATION CODE | |
| Authentication code | dc |
| 050 #4 - LIBRARY OF CONGRESS CALL NUMBER | |
| Classification number | PR |
| 100 1# - MAIN ENTRY--PERSONAL NAME | |
| Personal name | Lyttelton, George Lyttelton, Baron, |
| Dates associated with a name | 1709-1773 |
| 245 10 - TITLE STATEMENT | |
| Title | Dialogues of the Dead |
| Medium | [electronic resource] / |
| Statement of responsibility, etc | George Lyttelton, Baron Lyttelton |
| 260 ## - PUBLICATION, DISTRIBUTION, ETC. (IMPRINT) | |
| Name of publisher, distributor, etc | Project Gutenberg, |
| Date of publication, distribution, etc | 2006 |
| 500 ## - GENERAL NOTE | |
| General note | Dialogues XXVI-XXVIII are by Elizabeth Montagu. |
| 505 0# - FORMATTED CONTENTS NOTE | |
| Formatted contents note | I. Lord Falkland; Mr. Hampden -- II. Louis le Grand; Peter the Great -- III. Plato; Fenelon -- IV. Mr. Addison; Dr. Swift -- V. Ulysses; Circe -- VI. Mercury; An English Duellist; A North-American Savage -- VII. Pliny the Elder; Pliny the Younger -- VIII. Fernando Cortez; William Penn -- IX. Marcus Portius Cato; Messalla Corvinus -- X. Christina, Queen of Sweden; Chancellor Oxenstiern -- XI. Titus Vespasianus; Publius Cornelius Scipio Africanus -- XII. Henry Duke of Guise; Machiavel -- XIII. Virgil; Horace; Mercury; Scaliger the Elder -- XIV. Boileau; Pope -- XV. Octavia; Portia; Arria -- XVI. Louise de Coligni, Princess of Orange; Frances Wasingham, Countess of Essex and of Clanricard; before, Lady Sidney -- XVII. Marcus Brutus; Pomponius Atticus -- XVIII. William the Third, King of England; John De Witt, Pensioner, of Holland -- XIX. M. Apicius; Darteneuf -- XX. Alexander the Great; Charles the Twelfth, King of Sweden -- XXI. Cardinal Ximenes; Cardinal Wolsey -- XXII. Lucian; Rabelais -- XXIII. Pericles; Cosmo de Medicis, the first of that Name -- XXIV. Locke; Bayle -- XXV. Archibald, Earl of Douglas, Duke of Touraine; John, Duke of Argyle and Greenwich, Field-Marshal of His Britannic Majesty's Forces -- XXVI. Cadmus; Hercules -- XXVII. Mercury; And a modern fine Lady -- XXVIII. Plutarch; Charon; And a modern Bookseller. |
| 506 ## - RESTRICTIONS ON ACCESS NOTE | |
| Terms governing access | Public domain in the USA. |
| 516 ## - TYPE OF COMPUTER FILE OR DATA NOTE | |
| Type of computer file or data note | Electronic text |
| 653 ## - INDEX TERM--UNCONTROLLED | |
| Uncontrolled term | Imaginary conversations |
| 653 ## - INDEX TERM--UNCONTROLLED | |
| Uncontrolled term | Dialogues, English -- Early works to 1800 |
| 700 1# - ADDED ENTRY--PERSONAL NAME | |
| Personal name | Morley, Henry, |
| Dates associated with a name | 1822-1894 |
| 830 #0 - SERIES ADDED ENTRY--UNIFORM TITLE | |
| Uniform title | Project Gutenberg |
| Volume number/sequential designation | 17667 |
| 856 40 - ELECTRONIC LOCATION AND ACCESS | |
| Uniform Resource Identifier | <a href="http://www.gutenberg.org/ebooks/17667">http://www.gutenberg.org/ebooks/17667</a> |
| 942 ## - ADDED ENTRY ELEMENTS (KOHA) | |
| Koha item type | eBooks |
| Withdrawn status | Lost status | Damaged status | Home library | Current library | Date acquired | Total Checkouts | Date last seen | Price effective from | Koha item type |
|---|---|---|---|---|---|---|---|---|---|
| Project Gutenberg | Project Gutenberg | 08/28/2014 | 08/28/2014 | 08/28/2014 | eBooks |